Розанна. Читатель предупрежден (Запис № 364839)

МАРК-запис
000 -Лідер
fixed length control field 01327nam a22002657a 4500
001 - Контрольний номер
control field 78517
003 - Ідентифікатор контрольного номера
control field UA-OsUOA
005 - Дата та час останнього входження (трансакції)
control field 20201223101259.0
007 - Фіксоване поле фізичного опису
fixed length control field ta
008 - Елементи даних фіксованої довжини – загальна інформація
fixed length control field 20111013b un ||||| |||| 00| 0 ukr d
020 ## - Міжнародний стандартний книжковий номер (ISBN)
Міжнародний стандартний книжковий номер (ISBN) (НП) 5770718838
040 ## - Джерело каталогізації
Агенція оригінальної каталогізації UA-OsUOA
Мова каталогізації rus
Агенція, яка здійснювала перезапис UA-OsUOA
Агенція, яка здійснювала модифікацію UA-OsUOA
041 ## - Код мови
Код мови тексту/ звукової доріжки чи окремого заголовка (П) rus
080 ## - Індекс Універсальної десяткової класифікації
Індекс Універсальної десяткової класифікації (УДК) (НП) 821.161.1
090 ## - Локальний шифр розміщення
Класифікаційний індекс УДК 821.161.1
Авторський знак (НП) Р64
100 ## - Основне введення – ім’я особи
Ім’я особи (НП) Шевалл М.
245 ## - Відомості про назву
Назва (НП) Розанна. Читатель предупрежден
Решта назви (НП) Шёвал М., Валё П.; Д.Картер
Дані про відповідальність (НП) сост. И.М.Чикало
246 31 - Інша форма назви
Назва (НП) Два зарубежных детектива; Роман
260 ## - Публікація, розповсюдження і т.п. (Вихідні дані)
Місце публікації, розповсюдження і т.п. (П) К.
Ім’я/ наймення видавництва, розповсюджувача і т.п. (П) Ритм-ІІ
Дата публікації, розповсюдження і т.п. (П) 1992
300 ## - Фізичний опис
Обсяг 384 с.
520 ## - Резюме і т.п.
Резюме, реферат, анотація, тощо (НП) Впервые переведенные на русский язык детективные романы посвящены явлениям, длительное время не находившим отражения в советской литературе. Шведские писатели М. Шевалл и Пер Вале в первом романе "Розанна" глубоко исследуют природу преступлений, совершаемых на сексуальной почве.
650 #7 - Додаткове предметне введення – тематичний термін
Тематичний термін чи географічна назва, як елемент введення (НП) 82 Література. Літературознавство
Джерело заголовка чи терміна UDC
942 ## - Додаткові елементи входу (Коха)
Тип елемента Koha Книги
Source of classification or shelving scheme Universal Decimal Classification
955 ## - Код типу видання за змістом
Код типу видання за змістом (НП) Літературно-художні видання
Фонди
Стан вилучень Стан втрат Джерело класифікації або схеми стелажів Стан уражень Не для кредиту Код колекції Постійне місце розташування Поточне розміщення Дата придбання Джерело придбання Вартість, звичайна ціна покупки Інвентарний номер Усього замовленно Повний номер виклику Штрих-код Дата останнього перегляду Ціна ефективна від Тип елемента Koha
    Universal Decimal Classification     Колекція Кушніра М.П. АБ - Абонемент НБ АБ - Абонемент НБ 13/10/2011 123/2011 12.00 134594   821.161.1 Р64 134594 06/02/2022 13/10/2011 Книги